| 000 | 00514nam a22001697a 4500 | ||
|---|---|---|---|
| 005 | 20250328160226.0 | ||
| 008 | 250328b |||||||| |||| 00| 0 eng d | ||
| 020 | _a9783031605741 | ||
| 041 | _aeng | ||
| 082 | _a003.3 KEL | ||
| 100 | _aKelly, Cnall | ||
| 245 | _aComputation and Simulation for Finance: An Introduction With Python | ||
| 260 |
_aSwitzerland _bSpringer _c2024 |
||
| 300 | _a330;. pages: 24 cm | ||
| 650 | _aComputer Simulation; Economics; Mathematical; Macroeconomics; Statistics | ||
| 942 | _cBK | ||
| 999 |
_c43476 _d43476 |
||